| 000 | 01542nam0a2200337 4500 | ||
|---|---|---|---|
| 001 | RU\NLR\bibl\567993 | ||
| 005 | 20250609164214.0 | ||
| 010 |
_a5-88717-279-7 _93000 |
||
| 021 |
_aRU _b2004-24078 _91217 |
||
| 035 | _aRSL-KNO-002426897 | ||
| 035 | _a(NLR Aleph) 000560077 | ||
| 090 |
_a1526807 _c1526807 |
||
| 100 | _a20040427d2004 |||y0rusy50 ca | ||
| 101 | 0 | _arus | |
| 102 | _aRU | ||
| 105 | _ay ||||||||| | ||
| 106 | _ar | ||
| 200 | 1 |
_aТехнология. Ступеньки к мастерству _e1 кл. _eМетод. пособие _fЕ.А. Лутцева |
|
| 210 |
_aМ. _cВентана-Граф _d2004 _eУльяновск: ГПП Печ. Двор |
||
| 215 |
_a79 с. _d22 |
||
| 606 | 0 |
_aТехнология _xПреподавание _xНачальная школа _92234243 _3RU\NLR\auth\661340921 |
|
| 610 | 0 | _aКультура. Наука. Просвещение -- Народное образование. Педагогические науки -- Общеобразовательная школа. Школьная педагогика -- Российская Федерация -- Методика преподавания отдельных учебных предметов -- Технология | |
| 686 |
_aЧ426.81,6(2),0 _2rubbk |
||
| 686 | _aЧ426.83-2,01 | ||
| 700 | 1 |
_aЛутцева _bЕ. А. _gЕлена Андреевна _4070 |
|
| 801 | 0 |
_aRU _bRuMoRKP _c20040427 _gPSBO |
|
| 801 | 1 |
_aRU _bRuMoRGB _c20040427 |
|
| 801 | 2 |
_aRU _bNLR _c20041028 _gPSBO |
|
| 942 | _cBOOK | ||
| 980 | _aNB | ||